=LDR 00000nam 2200000 4500 =001 INLIS000000000000836 =005 20130612085247 =008 ***********************************Ind** =035 ##$$0010-061300000000836 =041 ##$$a Ind =082 ##$$a 92(Khayam) =090 ##$$a 92(Khayam), Ave-r =100 ##$$a Avery,Peter =245 ##$$a Rubaiayat Omar Khayam, Peter Avery,Penerjemah.Abdul Hadi W.M =260 ##$$a 1993 $b Bandung =300 ##$$a 79 hlm, 18cm =650 ##$$a Khayam, Omar =700 ##$$a Hadi WM. Abdul =850 ##$$a NBPNMAT